000 00804cam a2200205 4500
001 WB3630-01
008 000000n2000 000 0 eng u
035 _a(Sirsi) u107452
245 _aFuture for construction
260 _c2000
490 _aObserver
_v30 July 2000, B2(1)
520 _aThe construction sector is set for a renaissance following the announcement of the government's comprehensive spending review which outlined plans to build new homes, schools, hospitals and transport systems. However, industry insiders have warned that the sector may struggle to cope with the increased workload.
590 _aWB
650 _aCONSTRUCTION INDUSTRY
650 _aSKILLS SHORTAGES
650 _aCONSTRUCTION WORKERS
650 _aNEW BUILD
690 _aBUILT ENVIRONMENT
942 _n0
999 _c64230
_d64230